00321nam a2200109Ia 4500008004100000082001900041100001900060245007400079260003500153300000800188650001500196191201s2005 xx 000 0 und d a677.02864bGOP aGOKARNESHAN, N 0aPractical Guide To Fabric Manufacture And Cloth Analysis Laboratories aN.DelhibMahajan Brotherc2005 a123 aB.Tech(TE)